00533nam a2200169Ia 4500100001300000650001600013942000700029366000700036654001600043245005900059260002500118082002200143300000800165546001200173999001700185952016100202 aSay/M.G  aAC Machines cBK f20 aAC Machines aPerformance and design of Alternating Current Machines bCBS Publishersc1983 a621.3133/SAYbSAY a664 aENGLISH c25884d25884 001040708CRCaCRCEbCRCEd2023-03-17eProfessional Book House.g170.00i387 dt 22/01/2008l0o621.3133/SAY SAYp18259r2023-03-17v190.00w0000-00-00yBK